00243nam a2200097Ia 4500008004100000041000800041100001900049245003600068260002100104700002000125241105s9999 xx 000 0 und d aeng aPatil Manasi.  aPiligrimage Centre At Prakhsha. bBNCA, Punec2018 a Nagarkar Geeta